| 000 | 00359nam a2200109Ia 4500 | ||
|---|---|---|---|
| 008 | 171204s9999 xx 000 0 und d | ||
| 245 | _aGetting The Picture: The Visual Culture Of The News: | ||
| 245 | _cJason Hill and Vanessa R. Schwartz | ||
| 260 | _c2015 | ||
| 650 | _xPHOTOJOURNALISM | ||
| 856 | _uhttp://down.ebook777.com/012/GetThePicTheVisCulOfTheNew.pdf | ||
| 999 |
_c346171 _d346171 |
||